Statistics for Guess the Middle Eastern City

Click here to take the quiz!

General Stats

  • This quiz has been taken 23 times
    (12 since last reset)
  • The average score is 13 of 22

Answer Stats

HintAnswer% Correct
Capital of the United Arab EmiratesAbu Dhabi
100%
Largest city along the Persian GulfDubai
91%
Contriversial location of the US embassy in IsraelJerusalem
91%
Largest city in the Middle EastCairo
82%
Holiest city to MuslimsMecca
82%
Egyptian city named after a Greco-Macedonian conquerorAlexandria
73%
Capital of LebanonBeirut
73%
This city was formerly called ConstantinopleIstanbul
73%
Holy city to Muslims which was named after MuhammadMedina
64%
De facto capital of YemenAden
55%
Coastal city in eastern Saudi ArabiaDammam
55%
Capital city of the only island nation in the Persian GulfManama
55%
This city in northern Iraq was the center of debate following the collapse of the Ottoman EmpireMosul
55%
Capital of PalestineRamallah
55%
The largest city of a country which formed a union with Egypt in 1958Aleppo
45%
City in southern Jordan along an eponymous gulfAqaba
45%
Lowest-lying national capitalBaku
45%
Capital of a country which often causes debates on JetPunk on which continent it belongs toNicosia
45%
City sometimes called the world's "greatest open air museum"Luxor
27%
Northernmost city in Iran with over 1 million peopleTabriz
27%
Largest city in OmanSeeb
9%
Capital city of Nagorno-KarabakhStepanakert
9%

Score Distribution

Percentile by Number Answered

Percent of People with Each Score

Your Score History

You have not taken this quiz since the last reset